Meilleur buteur en championnat par année - PSG - Statistiques

Statistiques générales
  • Ce quiz a été pris 179 fois
  • Le résultat moyen est 19 sur 35
Statistiques - réponses
Saison Championnat Meilleur buteur en championnat Nombre de but en championnat % Correct
2023/2024 Ligue 1 Kylian Mbappé 27
100%
2022/2023 Ligue 1 Kylian Mbappé 29
100%
2021/2022 Ligue 1 Kylian Mbappé 28
100%
2020/2021 Ligue 1 Kylian Mbappé 27
100%
2019/2020 Ligue 1 Kylian Mbappé 18
100%
2018/2019 Ligue 1 Kylian Mbappé 33
100%
2017/2018 Ligue 1 Edinson Cavani 28
98%
2016/2017 Ligue 1 Edinson Cavani 35
98%
2024/2025 Ligue 1 Ousmane Dembélé 21
96%
2015/2016 Ligue 1 Zlatan Ibrahimović 38
96%
2014/2015 Ligue 1 Zlatan Ibrahimović 19
96%
2013/2014 Ligue 1 Zlatan Ibrahimović 26
96%
2012/2013 Ligue 1 Zlatan Ibrahimović 30
96%
2006/2007 Ligue 1 Pauleta 15
75%
2005/2006 Ligue 1 Pauleta 21
75%
2004/2005 Ligue 1 Pauleta 14
75%
2003/2004 Ligue 1 Pauleta 18
75%
2001/2002 Ligue 1 Ronaldinho 9
50%
2008/2009 Ligue 1 Guillaume Hoarau 17
43%
2011/2012 Ligue 1 Nenê 21
43%
2010/2011 Ligue 1 Nenê 14
43%
1994/1995 Ligue 1 Raí 12
40%
1992/1993 Ligue 1 Georges Weah 14
38%
1993/1994 Ligue 1 David Ginola 13
37%
2009/2010 Ligue 1 Mevlüt Erdinç 15
12%
2007/2008 Ligue 1 Amara Diané 11
10%
1996/1997 Ligue 1 Patrice Loko 16
8%
1998/1999 Ligue 1 Marco Simone 9
7%
1997/1998 Ligue 1 Marco Simone 13
7%
1999/2000 Ligue 1 Christian 16
6%
2000/2001 Ligue 1 Laurent Robert 15
5%
2002/2003 Ligue 1 Aloisio Chulapa 8*
1%
1995/1996 Ligue 1 Julio Dely Valdés 15
1%
1991/1992 Ligue 1 Christian Perez 12
0%
1990/1991 Ligue 1 Zlatko Vujovic 10*
0%
Aucun quiz correspondant
Distribution des résultats
% des personnes avec chaque résultat
Percentile par nombre de réponses
Votre historique - résultats
Vous n’avez pas pris ce quiz